[Event "Santa Rosa op 3rd"]
[Site "Santa Rosa"]
[Date "2018.07.08"]
[Round "3.8"]
[White "Lopez, Carlos"]
[Black "Garcia Pochettino, Ignacio"]
[Result "1-0"]
[WhiteElo "2017"]
[BlackElo "1707"]
[PlyCount "105"]
[EventDate "2018.07.07"]
[EventType "swiss"]
[EventRounds "6"]
[EventCountry "ARG"]
[SourceTitle "EXT 2024"]
[Source "ChessBase"]
[SourceDate "2023.10.10"]
[SourceVersion "1"]
[SourceVersionDate "2023.10.10"]
[SourceQuality "1"]

1. e4 e6 2. d4 d5 3. Nd2 a6 4. Ne2 dxe4 5. Nxe4 Nf6 6. N2g3 Nc6 7. c3 Be7 8. Bd3 b6 9. 0-0 Bb7 10. Re1 h5 11. Qe2 h4 12. Nxf6+ Bxf6 13. Nh5 Ne7 14. Be4 Bxe4 15. Nxf6+ gxf6 16. Qxe4 f5 17. Qf3 c6 18. Bg5 Qd7 19. Bxe7 Kxe7 20. Qxf5 Rag8 21. Qe4 Rg6 22. Re2 Rf8 23. Rae1 Rfg8 24. f4 f5 25. Qf3 Kf7 26. Kf1 Qd6 27. Rd1 Rg4 28. Rf2 b5 29. Re1 a5 30. Re5 b4 31. Rc5 bxc3 32. bxc3 Qb8 33. Qxc6 Qb1+ 34. Ke2 Qc2+ 35. Ke3 Qc1+ 36. Kd3 Re8 37. Rxa5 Rgg8 38. Ra7+ Kf6 39. Rc7 Qe1 40. Re2 Qd1+ 41. Ke3 Qc1+ 42. Kd3 Qd1+ 43. Rd2 Qf1+ 44. Kc2 Ra8 45. a4 Qa1 46. Qd6 Qxa4+ 47. Kd3 Qb5+ 48. Ke3 Rae8 49. Rc5 Qb1 50. Qe5+ Kg6 51. Kf2 Kh5 52. Rc7 Qh1 53. Rh7+ 1-0

[Event "Daireaux U2200 2nd"]
[Site "Daireaux"]
[Date "2018.06.24"]
[Round "6.4"]
[White "Pires, Carlos Martin"]
[Black "Lopez, Carlos"]
[Result "0-1"]
[WhiteElo "1823"]
[BlackElo "2047"]
[PlyCount "72"]
[EventDate "2018.06.22"]
[EventType "swiss"]
[EventRounds "7"]
[EventCountry "ARG"]
[SourceTitle "EXT 2024"]
[Source "ChessBase"]
[SourceDate "2023.10.10"]
[SourceVersion "1"]
[SourceVersionDate "2023.10.10"]
[SourceQuality "1"]

1. Nf3 d5 2. d4 Nf6 3. c4 e6 4. Nc3 Be7 5. Bg5 0-0 6. e3 Nbd7 7. Rc1 c6 8. Qc2 Re8 9. Bd3 Nf8 10. 0-0 Ng6 11. cxd5 exd5 12. a3 Bg4 13. Ne5 Be6 14. Nxg6 hxg6 15. b4 Rc8 16. Qa4 a6 17. Qd1 Qd7 18. Na4 Qd8 19. Nc5 Bxc5 20. bxc5 Qd7 21. Bxf6 gxf6 22. Rb1 Re7 23. Rb6 Bf5 24. Bxf5 Qxf5 25. Qf3 Qe6 26. Rfb1 Rcc7 27. Qg3 Red7 28. Qh4 Kg7 29. Rxa6 g5 30. Qh5 bxa6 31. Rb8 Qe4 32. Qh8+ Kg6 33. Rg8+ Kf5 34. Qh3+ Qg4 35. Qh7+ Ke6 36. f3 Qf5 0-1

[Event "Mem Jose Pepe Macias 2nd"]
[Site "Pehuajo"]
[Date "2018.05.26"]
[Round "3.2"]
[White "Lopez, Carlos"]
[Black "Leiva, Juan1"]
[Result "1-0"]
[WhiteElo "2075"]
[BlackElo "1568"]
[PlyCount "116"]
[EventDate "2018.05.25"]
[EventType "swiss"]
[EventRounds "6"]
[EventCountry "ARG"]
[SourceTitle "EXT 2024"]
[Source "ChessBase"]
[SourceDate "2023.10.10"]
[SourceVersion "1"]
[SourceVersionDate "2023.10.10"]
[SourceQuality "1"]

1. e4 c5 2. f4 d5 3. e5 Nc6 4. Nf3 e6 5. Be2 Nh6 6. 0-0 Nf5 7. c3 h5 8. Na3 d4 9. d3 a6 10. Ng5 g6 11. Ne4 Be7 12. Bf3 Qc7 13. c4 Rb8 14. Nc2 b5 15. b3 Bb7 16. Bd2 Kf8 17. g3 Kg7 18. Qe2 Ba8 19. Rfc1 bxc4 20. dxc4 Rbd8 21. Qd3 Rd7 22. Rab1 Rb8 23. Kf2 Rdd8 24. a3 Na5 25. b4 cxb4 26. Nxb4 Qa7 27. c5 Bxe4 28. Bxe4 Bxc5 29. Rxc5 Qxc5 30. Nxa6 Qa7 31. Nxb8 Rxb8 32. Rxb8 Qxb8 33. Bxa5 Qb2+ 34. Bd2 Ne3 35. Ke2 h4 36. a4 hxg3 37. hxg3 Ng4 38. a5 Qa2 39. a6 Qa1 40. Bf3 Nh2 41. Kf2 Nxf3 42. Kxf3 Qd1+ 43. Kg2 Qa4 44. Be1 Qc6+ 45. Kh2 Qa4 46. Bf2 Qa2 47. Kg2 Qd5+ 48. Qf3 Qa2 49. Qd3 Kg8 50. Qb5 Kg7 51. Kf3 Qc2 52. a7 d3 53. a8Q d2 54. Qbb8 d1Q+ 55. Kg2 Qd5+ 56. Qxd5 exd5 57. Qb6 Qe4+ 58. Kh2 Qe2 1-0

[Event "Florida"]
[Site "Florida"]
[Date "2001.??.??"]
[Round "8"]
[White "Doval, Oscar"]
[Black "Lopez, Carlos"]
[Result "0-1"]
[WhiteElo "2046"]
[BlackElo "2135"]
[PlyCount "136"]
[EventDate "2001.??.??"]
[EventType "tourn"]
[EventRounds "11"]
[EventCountry "ARG"]
[SourceTitle "EXT 2002"]
[Source "ChessBase"]
[SourceDate "2001.11.25"]
[SourceVersion "1"]
[SourceVersionDate "2001.11.25"]
[SourceQuality "1"]

1. d4 Nf6 2. Bg5 Ne4 3. Bh4 d5 4. f3 Nd6 5. e3 Bf5 6. Bd3 Qd7 7. Ne2 Nc6 8. 0-0 Qe6 9. Bf2 g5 10. Nbc3 Nb4 11. Rc1 Bg6 12. a3 Nc6 13. Nb5 Nxb5 14. Bxb5 a6 15. Bd3 b5 16. Nc3 Bg7 17. Re1 Qd7 18. Qd2 0-0 19. Rcd1 Rad8 20. Ne2 e5 21. Bxg6 hxg6 22. b4 g4 23. c3 gxf3 24. gxf3 Bf6 25. Bg3 Qf5 26. Kg2 e4 27. Rf1 Rd7 28. f4 Ne7 29. Kh1 Qh5 30. Ng1 Nf5 31. Qf2 Bg7 32. Kg2 Bf6 33. Rde1 Kg7 34. Qe2 Qh7 35. Qg4 Rh8 36. Qh3 Qg8 37. Qg4 Rh5 38. Nh3 Rd8 39. Rh1 Qe8 40. Qe2 Qd7 41. Nf2 Rdh8 42. Ng4 Qc6 43. Rc1 Bh4 44. Ne5 Qe6 45. Rcd1 Bxg3 46. hxg3 Nxg3 47. Kxg3 Rxh1 48. Rxh1 Rxh1 49. Qg2 Rh5 50. Ng4 f5 51. Ne5 Qf6 52. Kf2 Qh4+ 53. Ke2 Qh2 54. Kf2 Qxg2+ 55. Kxg2 Rh8 56. Nd7 Ra8 57. Nc5 Kf6 58. Nb7 g5 59. fxg5+ Kxg5 60. Kg3 f4+ 61. exf4+ Kf5 62. Nc5 Rg8+ 63. Kf2 Rg6 64. Ke3 Rg3+ 65. Kd2 Kxf4 66. Ne6+ Kf3 67. Nc5 Rg2+ 68. Kd1 e3 0-1

[Event "Florida"]
[Site "Florida"]
[Date "2001.??.??"]
[Round "7"]
[White "Lopez, Carlos"]
[Black "Escandell Mari, Juan Carlos"]
[Result "1-0"]
[WhiteElo "2135"]
[BlackElo "2268"]
[PlyCount "73"]
[EventDate "2001.??.??"]
[EventType "tourn"]
[EventRounds "11"]
[EventCountry "ARG"]
[SourceTitle "EXT 2002"]
[Source "ChessBase"]
[SourceDate "2001.11.25"]
[SourceVersion "1"]
[SourceVersionDate "2001.11.25"]
[SourceQuality "1"]

1. e4 c5 2. Nf3 e6 3. d4 cxd4 4. Nxd4 a6 5. Bd3 Bc5 6. Nb3 Ba7 7. 0-0 Nc6 8. Qe2 Qc7 9. Be3 Bxe3 10. Qxe3 Nf6 11. f4 d6 12. Nc3 0-0 13. Rae1 g6 14. Kh1 b5 15. Qg3 Kg7 16. Re3 b4 17. Ne2 a5 18. Qh4 Qd8 19. Rh3 h5 20. Qf2 Ng4 21. Qf3 Bb7 22. Rg3 Qf6 23. h3 Nh6 24. Qxh5 Qxb2 25. e5 Nf5 26. Bxf5 exf5 27. Qxf5 dxe5 28. Qd7 Qxc2 29. Qxb7 Qxe2 30. Rff3 exf4 31. Rxf4 Qe1+ 32. Kh2 Qe5 33. Rfg4 a4 34. Rxg6+ Kh7 35. R6g5 Qxg3+ 36. Rxg3 axb3 37. Qxc6 1-0

[Event "Vicente Lopez Rubinstein op"]
[Site "Vicente Lopez"]
[Date "2000.11.22"]
[Round "7"]
[White "Malbran, Guillermo"]
[Black "Lopez, Carlos"]
[Result "0-1"]
[WhiteElo "2399"]
[BlackElo "2037"]
[PlyCount "82"]
[EventDate "2000.11.16"]
[EventType "swiss"]
[EventRounds "9"]
[EventCountry "ARG"]
[SourceTitle "EXT 2002"]
[Source "ChessBase"]
[SourceDate "2001.11.25"]
[SourceVersion "1"]
[SourceVersionDate "2001.11.25"]
[SourceQuality "1"]

1. e4 c5 2. c3 d5 3. exd5 Qxd5 4. d4 Nf6 5. Nf3 Bg4 6. Be2 e6 7. h3 Bh5 8. 0-0 Be7 9. c4 Qd6 10. Qb3 Qb6 11. Nc3 Nbd7 12. Be3 0-0 13. g4 Bg6 14. Qxb6 axb6 15. Nh4 Rfd8 16. Nxg6 hxg6 17. Bf3 Rdb8 18. Rfd1 cxd4 19. Bxd4 e5 20. Be3 Nc5 21. b4 Na4 22. Nxa4 Rxa4 23. a3 Ra6 24. g5 Nh5 25. Rab1 Rxa3 26. Bxh5 gxh5 27. Kg2 Ra4 28. c5 bxc5 29. Rd7 Kf8 30. bxc5 Rc4 31. Rc7 Bd8 32. Rcxb7 Rxb7 33. Rxb7 Ke8 34. g6 fxg6 35. Rxg7 g5 36. Bxg5 Bxg5 37. Rxg5 Rxc5 38. Rxh5 Kf7 39. Rg5 Kf6 40. Rg4 Rc2 41. h4 Rc3 0-1

[Event "Villa Martelli CAVM-ch"]
[Site "Villa Martelli"]
[Date "2000.07.28"]
[Round "5.3"]
[White "Doval, Oscar"]
[Black "Lopez, Carlos"]
[Result "0-1"]
[WhiteElo "2046"]
[BlackElo "2135"]
[PlyCount "86"]
[EventDate "2000.07.14"]
[EventType "swiss"]
[EventRounds "9"]
[EventCountry "ARG"]
[SourceTitle "EXT 2001"]
[Source "ChessBase"]
[SourceDate "2000.11.22"]
[SourceVersion "1"]
[SourceVersionDate "2000.11.22"]
[SourceQuality "1"]

1. e4 c5 2. Nf3 Nc6 3. d4 cxd4 4. Nxd4 Nf6 5. f3 e5 6. Nb3 d5 7. exd5 Nxd5 8. c4 Bb4+ 9. Ke2 Nf4+ 10. Bxf4 Qxd1+ 11. Kxd1 exf4 12. a3 Be7 13. Bd3 Ne5 14. Be2 Be6 15. N3d2 0-0-0 16. b3 Rd4 17. Nc3 Rhd8 18. Ra2 a6 19. Nce4 f5 20. Nc3 g5 21. Ncb1 h5 22. Kc2 g4 23. Re1 Bf6 24. Kc1 Bf7 25. Rc2 Nd3+ 26. Bxd3 Rxd3 27. Re2 h4 28. Rf2 Bd4 29. Re2 Be3 30. Kb2 Re8 31. Ka2 Kd7 32. Rc3 Rd6 33. Nf1 Bg1 34. Rd2 Rxd2+ 35. Nbxd2 Re2 36. Rd3+ Kc7 37. Kb1 Rxg2 38. Kc1 h3 39. Kd1 g3 40. hxg3 fxg3 41. f4 Bf2 42. Kc2 Bh5 43. Rd5 h2 0-1

[Event "Villa Ballester op"]
[Site "Villa Ballester"]
[Date "1992.??.??"]
[Round "9"]
[White "Godoy, Carlos"]
[Black "Lopez, Carlos"]
[Result "0-1"]
[WhiteElo "2215"]
[BlackElo "2275"]
[PlyCount "70"]
[EventDate "1992.??.??"]
[EventType "swiss"]
[EventRounds "9"]
[EventCountry "ARG"]
[SourceTitle "EXT 1998"]
[Source "ChessBase"]
[SourceDate "1997.11.17"]
[SourceVersion "1"]
[SourceVersionDate "1997.11.17"]
[SourceQuality "1"]

1. e4 c6 2. d4 d5 3. e5 Bf5 4. Nc3 e6 5. g4 Bg6 6. Nge2 c5 7. h4 h6 8. Be3 Nc6 9. h5 Bh7 10. dxc5 Nxe5 11. Nd4 a6 12. f4 Nc4 13. Bxc4 dxc4 14. Qe2 Qa5 15. Qxc4 Qxc5 16. Qa4+ b5 17. Ncxb5 Qb4+ 18. Qxb4 Bxb4+ 19. c3 axb5 20. cxb4 Nf6 21. Nxb5 0-0 22. g5 hxg5 23. fxg5 Nd5 24. Bd2 Rfb8 25. Na3 Nxb4 26. 0-0 Nd3 27. Nc4 Nxb2 28. Ne5 Nd3 29. Nxf7 Be4 30. g6 Rb2 31. Ng5 Bd5 32. Rad1 Raxa2 33. Nh7 Rb8 34. h6 Ra4 35. Nf8 Rh4 0-1